La caja azul-El bastón azul (Registro nro. 2436)

Detalles MARC
000 -Cabecera
Campo de control de longitud fija 00529aam a2200217 4500
005 - Fecha y hora de la última transacción
Campo de control 20240718182838.0
008 - Elementos de longitud fija--Información general
Campo de control de longitud fija 150529b xxu||||| |||| 00| 0 spa d
020 ## - International Standard Book Number
Número Internacional Estándar del Libro (ISBN) 9788449439339
041 ## - Idioma
Código de idioma Español
082 ## - Clasificación Decimal Dewey
Número de clasificación 808.068 Ch538c
100 ## - Entrada principal--Autor personal
Nombre personal Chmielewska, Iwona
9 (RLIN) 19421
245 ## - Título propiamente dicho
Título La caja azul-El bastón azul
260 ## - Pie de imprenta
Lugar de publicación, distribución, etc. México
260 ## - Pie de imprenta
Nombre del editor, distribuidor, etc. Editorial Océano
260 ## - Pie de imprenta
Fecha de publicación, distribución, etc. 2009
300 ## - Descripción física
Extensión 56 páginas
650 ## - Materia general
Temática (materia general) LITERATURA INFANTIL
650 ## - Materia general
Temática (materia general) LITERATURA POLACA
650 ## - Materia general
Temática (materia general) CUENTOS
942 ## - Punto de acceso adicional KOHA
Tipo de ítem KOHA Literatura
Fuente del sistema de clasificación o colocación Dewey Decimal Classification
Existencias
Signatura completa Código de barras Tipo de ítem
808.068 Ch538c 15365 Literatura